Peronospóra a múčnatka viniča

Bibliographic Details
Main Author: Vanek, Gašpar, 1933-2016 (Author)
Format: Article
Language:Slovak
PhysicalDescription:Fotogr. 2
ISSN:0862-5565
Subjects:

MARC

LEADER 00000nab a2200000 a 4500
001 vtls000518635
003 SK-MaSNL
005 20260304235724.0
008 120928c1994 xo 0 slo
015 |a SNBRB19rr/mm-uuuuu 
035 |a CL0518773 
040 |a SNKBUCL  |b slo  |c SNKBUCL  |e AACR2 
041 0 |a slo 
044 |a xo  |c SK 
080 |a 632.4:634.8:632.9  |2 1981 
080 |a 634.8  |2 1981 
080 |a 632.9  |2 1981 
100 1 |a Vanek, Gašpar,  |d 1933-2016  |4 aut  |9 103811 
245 1 0 |a Peronospóra a múčnatka viniča  |c G. Vanek 
300 |b Fotogr. 2 
650 0 7 |a vinič hroznorodý  |2 snkbucl  |9 15944 
650 0 7 |a peronospóra viniča  |2 snkbucl  |9 14843 
650 0 7 |a plazmopara viničová  |2 snkbucl  |9 90748 
650 0 7 |a múčnatka viniča  |2 snkbucl  |9 849201 
650 0 7 |a Uncinula necator  |2 snkbucl  |9 985208 
655 7 |a články z novín a časopisov  |2 snkbucl  |9 267496 
773 0 |t Záhradkár  |g Roč. 30, č. 5 (1994), s. 10-11  |x 0862-5565 
850 |a Slovenská národná knižnica v Martine  |a MTA001 
852 |a SNK  |b KIS3GCP 
958 |a RK 
992 |a RBX 
999 |c 3210169  |d 3212099